| 000 | 00857nas a2200289 4500 | ||
|---|---|---|---|
| 001 | BR2012005792 | ||
| 003 | BR-BrBNA | ||
| 005 | 20231205121002.0 | ||
| 007 | ta | ||
| 008 | 230509b bl.|||p| |||| 00| 00por d | ||
| 040 |
_aBR-BrBNA _bpor _cBiblioteca Nacional de Agricultura |
||
| 041 | _a(Pt) | ||
| 072 | _aP10; U10 | ||
| 100 | 1 | _aCoutinho, L.M. | |
| 100 | 1 | _aCecílio, R.A. | |
| 100 | 1 | _aXavier, A.C. | |
| 100 | 1 | _aZanetti, S.S. | |
| 100 | 1 | _aGarcia, G. de O. | |
| 245 | 1 | _aCaracterização morfométrica da bacia hidrográfica do rio da Prata, Castelo, ES | |
| 650 | _aHIDROGRAFIA | ||
| 650 | _aENCHENTE | ||
| 650 | _aESCOAMENTO | ||
| 650 | _aSISTEMA DE INFORMAÇÃO | ||
| 773 | 0 |
_tIrriga (Brazil) _xISSN 1808-3765 _g(Oct-Dec 2011), v. 16(4) p. 369-381 _wBR2012005792 |
|
| 909 |
_a202311 _bLúcia _c55 _dLúcia Elande |
||
| 942 |
_2AGRIS _n0 _cANA |
||
| 999 |
_c221319 _d221319 |
||